[Event "Olympiad Women 2024"]
[Site "Budapest HUN"]
[Date "2024.09.19"]
[Round "8.35"]
[Board "4"]
[White "Guerrero Caicedo, Arlette"]
[Black "Mashabova, Shukrona"]
[Result "1-0"]
[WhiteElo "1868"]
[BlackElo "1711"]
[PlyCount "105"]
[EventDate "2024.09.11"]
[WhiteTeam "Ecuador"]
[BlackTeam "Tajikistan"]
[WhiteTeamCountry "ECU"]
[BlackTeamCountry "TJK"]

1. d4 d5 2. Nf3 e6 3. g3 c5 4. Bg2 Nc6 5. O-O Nf6 6. c4 Be7 7. Nc3 O-O 8. cxd5 exd5 9. dxc5 Bxc5 10. a3 h6 11. Qb3 $146 ({RR} 11. b4 Bb6 12. Bb2 Re8 13. e3 Bg4 14. Qb3 Be6 15. Qc2 Qd7 16. Rfd1 Rad8 17. Rac1 Qc8 18. Na4 Ne4 19. Nxb6 axb6 20. b5 Na5 21. Qxc8 Rxc8 22. Bf1 Nb3 23. Rxc8 Rxc8 24. Nd4 Ned2 25. Nxb3 Nxb3 {½-½ Pasqua,M (1676)-Angeli Galvani,J (1790) Sao Jose de Rio Preto 160 Anos 2012 (4)}) ({RR} 11. b4 Be7 12. Bb2 Re8 13. e3 Bg4 14. h3 Bf5 15. Nd4 Be6 16. Nxe6 fxe6 17. Qb3 a5 18. b5 a4 19. Qa2 Na5 20. e4 Nc4 21. exd5 Nxb2 22. Qxb2 exd5 23. Rad1 Kh8 24. Nxd5 Nxd5 25. Rxd5 Qb6 {½-½ Gasanov,E (2488)-Korobov,A (2684) Kharkov Femida 6th 2010 (1)}) ({RR} 11. b4 Be7 12. Bb2 Bg4 13. h3 Bh5 14. e3 Ne5 15. g4 Nc4 16. gxh5 Nxb2 17. Qb3 Nc4 18. Rad1 Nb6 19. Ne5 Bd6 20. Nd3 Rc8 21. Nb5 Bb8 22. Rc1 Nxh5 23. Rxc8 Qxc8 24. Rc1 Qd7 25. Nd4 Nc4 {0-1 Vakhidov,S (2312)-Szpar,M (2495) Titled Tue 6th Feb Early 2024 (5)}) ({RR} 11. b4 Be7 12. Bb2 Be6 13. Rc1 Qd7 14. Na4 Ne4 15. Ne1 Rac8 16. Nd3 b6 17. Nf4 Rfd8 18. Nh5 Bf8 19. Nc3 Nxc3 20. Rxc3 d4 21. Rxc6 Rxc6 22. Bxc6 Qxc6 23. Nf4 Bc4 24. Qd2 g6 25. Rd1 Bg7 {0-1 Milosevic,A (2284)-Djordjevic,V (2209) SRB-chT2 East 2015 (9.12)}) ({RR} 11. b4 Bb6 12. Bb2 Be6 13. Rc1 Ne4 14. Na4 Nd6 15. Qd3 Nc4 16. Rfd1 Nxb2 17. Nxb2 Qf6 18. Na4 Rfd8 19. Nc5 Bxc5 20. Rxc5 Rac8 21. Qb5 Rb8 22. Rcc1 a6 23. Qd3 Bf5 24. Qc3 d4 25. Qb2 Be4 {1-0 Stark,L (2454)-Weiss,A (2165) Staufer op-A 27th 2015 (1)}) 11... Rb8 12. Bf4 Bd6 13. Bxd6 Qxd6 14. Rfd1 Be6 15. e3 Qe7 16. Qa4 a6 17. Rd2 Rfd8 18. Rad1 Rd7 19. Qf4 Rbd8 20. Ne5 Nxe5 21. Qxe5 Ng4 22. Qd4 Nf6 23. h3 Ne4 24. Nxe4 dxe4 25. Qc3 Rxd2 26. Rxd2 Rxd2 27. Qxd2 f5 28. Qd4 Qd7 29. Qxd7 Bxd7 30. Bf1 Kf7 31. Be2 Kf6 32. h4 g5 33. hxg5+ hxg5 34. Kf1 Bc6 35. Ke1 Ke5 36. Kd2 a5 37. Kc3 b5 38. Bh5 Bd5 39. Be8 a4 40. Bxb5 Bb3 41. Kb4 f4 42. gxf4+ gxf4 43. Bxa4 Be6 44. Kc3 fxe3 45. fxe3 Bd5 46. Be8 Bb7 47. Kc4 Ba6+ 48. Kc5 Bd3 49. b4 Ke6 50. b5 Ke7 51. Bc6 Kd8 52. Kb6 Kc8 53. a4 1-0

[Event "Olympiad Women 2024"]
[Site "Budapest HUN"]
[Date "2024.09.19"]
[Round "8.36"]
[Board "1"]
[White "Rouda Essa, Alserkal"]
[Black "Maksimovic, Masa"]
[Result "1/2-1/2"]
[WhiteElo "2036"]
[BlackElo "2093"]
[PlyCount "62"]
[EventDate "2024.09.11"]
[WhiteTeam "United Arab Emirates"]
[BlackTeam "Bosnia & Herzegovina"]
[WhiteTeamCountry "UAE"]
[BlackTeamCountry "BIH"]

1. e4 c5 2. Nf3 Nc6 3. d4 cxd4 4. Nxd4 Nf6 5. Nc3 d6 6. Be3 e5 7. Ndb5 a6 8. Na3 Be6 9. Bg5 Be7 10. Nc4 Nd4 11. Ne3 Rc8 12. Bd3 Nxe4 $146 ({RR} 12... Nd7 13. Bxe7 Qxe7 14. O-O O-O 15. a4 Qg5 16. Ncd5 Nc5 17. Nb6 Rcd8 18. a5 g6 19. b4 Nxd3 20. Qxd3 f5 21. f3 fxe4 22. fxe4 Qh5 23. Ned5 Ne2+ 24. Kh1 Kg7 25. c3 Bg4 26. Nc4 Nf4 27. Nxf4 {0-1 Rydstrom,T (2346)-Alquist,E (2061) Politiken Cup 37th 2015 (2)}) 13. Bxe7 Nxc3 14. bxc3 Qxe7 15. cxd4 exd4 16. Nf1 Bg4+ 17. Be2 h5 18. Rc1 h4 19. h3 Bh5 20. g4 hxg3 21. Nxg3 Kf8 22. Nxh5 Rxh5 23. Kf1 Re5 24. Bf3 Re8 25. Qxd4 Qf6 26. Qd3 Re3 27. fxe3 Qxf3+ 28. Kg1 Qg3+ 29. Kf1 Qf3+ 30. Kg1 Qg3+ 31. Kf1 Qf3+ 1/2-1/2

[Event "Olympiad Women 2024"]
[Site "Budapest HUN"]
[Date "2024.09.19"]
[Round "8.36"]
[Board "2"]
[White "Babic, Milana"]
[Black "Al Maamari, Wafia Darwish"]
[Result "1-0"]
[WhiteElo "2080"]
[BlackElo "1908"]
[PlyCount "63"]
[EventDate "2024.09.11"]
[WhiteTeam "Bosnia & Herzegovina"]
[BlackTeam "United Arab Emirates"]
[WhiteTeamCountry "BIH"]
[BlackTeamCountry "UAE"]

1. Nf3 Nf6 2. g3 b5 3. Bg2 Bb7 4. Na3 a6 5. c4 e5 6. cxb5 Bxa3 7. bxa3 axb5 8. O-O d6 9. Qb3 O-O ({RR} 9... Bc6 10. Ng5 O-O 11. Bxc6 Nxc6 12. Qxb5 Nd4 13. Qd3 h6 14. Nf3 Nxf3+ 15. Qxf3 Ra4 16. Qc6 Ra5 17. Bb2 Qb8 18. Rab1 Rb5 19. Qc2 Qb7 20. a4 Rc5 21. Bc3 Qa7 22. Qb3 Ra8 23. d4 Rd5 24. dxe5 {1-0 Gutierrez Olivares,D (2354)-Mrudul,D (1981) Titled Tue 19th Mar Early 2024 (8)}) 10. d4 $146 ({RR} 10. Qxb5 Ba6 11. Qb3 Bxe2 12. Re1 Bxf3 13. Bxf3 Ra6 14. Bb2 c5 15. Bc3 Qc7 16. Rab1 Nbd7 17. a4 Rb8 18. Qc4 Ra7 19. a5 Rxb1 20. Rxb1 Nb8 21. Rb6 h6 22. Qb5 Nfd7 23. Rb7 Rxb7 24. Bxb7 Kh7 {1-0 Rueger,E (2205)-Schreiber,K (2081) Oberliga Ost-B 0809 2008 (8.6)}) 10... e4 11. Ne1 Qd7 12. Nc2 Nc6 13. Bd2 Na5 14. Bxa5 Rxa5 15. f3 exf3 16. Bxf3 Bxf3 17. Rxf3 Qh3 18. Ne3 Rfa8 19. Nf1 Qg4 20. Qb2 h6 21. Rc1 R8a7 22. Ne3 Qh5 23. Nf5 Ng4 24. h4 Kf8 25. Rcf1 g5 26. Qc2 Qg6 27. Qe4 h5 28. Qe7+ Kg8 29. Qe8+ Kh7 30. Ne7 Ra8 31. Rxf7+ Kh6 32. Qd7 1-0

[Event "Olympiad Women 2024"]
[Site "Budapest HUN"]
[Date "2024.09.19"]
[Round "8.36"]
[Board "3"]
[White "Mariam, Essa"]
[Black "Jacimovic, Sara"]
[Result "0-1"]
[WhiteElo "1779"]
[BlackElo "1981"]
[PlyCount "96"]
[EventDate "2024.09.11"]
[WhiteTeam "United Arab Emirates"]
[BlackTeam "Bosnia & Herzegovina"]
[WhiteTeamCountry "UAE"]
[BlackTeamCountry "BIH"]

1. c4 Nf6 2. Nf3 g6 3. g3 Bg7 4. Bg2 d6 5. Nc3 e5 6. d3 O-O 7. O-O c6 8. Rb1 a5 9. a3 Nbd7 10. b4 Re8 ({RR} 10... d5 11. Bg5 d4 12. Ne4 h6 13. Bxf6 Nxf6 14. Nxf6+ Qxf6 15. Nd2 Qe7 16. Qb3 Kh7 17. bxa5 Rxa5 18. Qb4 Qd8 19. Nb3 Ra8 20. a4 f5 21. a5 Rf7 22. Ra1 Bf8 23. Qb6 Qe8 24. a6 Bg7 25. Nc5 {1-0 Vaganian,R (2625)-Wilder,M (2535) Wch blitz Saint John 1988 (3)}) ({RR} 10... d5 11. cxd5 cxd5 12. Bg5 h6 13. Bxf6 Nxf6 14. Nxe5 d4 15. Nb5 Nd5 16. Nc4 axb4 17. Bxd5 Qxd5 18. Nc7 Qc6 19. Nxa8 Bh3 20. f3 Bxf1 21. Kxf1 Rxa8 22. Rxb4 b5 23. Nd2 Rxa3 24. Kf2 Bf8 25. Rb1 {½-½ Wendt,J (2262)-Khamzin,O (2272) Titled Tue 9th Jul Early 2024 (10)}) 11. Bg5 $146 ({RR} 11. b5 d5 12. Nd2 Nc5 13. Nb3 Ne6 14. Na4 cxb5 15. cxb5 b6 16. Bb2 Qd6 17. Nd2 Bb7 18. Nc4 dxc4 19. Bxb7 Rab8 20. Bc6 Rf8 21. dxc4 Qc7 22. Qc1 h5 23. c5 Ng4 24. Nxb6 Bh6 25. Qc4 Ng5 {1-0 Fromme,E (2303)-Schlefing,H (2052) Bad Zwesten op 4th 2000 (5)}) ({RR} 11. Nd2 Qc7 12. b5 Nc5 13. a4 Be6 14. Ba3 Nfd7 15. Nde4 Nxe4 16. Nxe4 Bf8 17. Qd2 d5 18. cxd5 cxd5 19. Rbc1 Qb6 20. Bxf8 Rxf8 21. Ng5 Nc5 22. Qa2 h6 23. Nf3 d4 24. Qa3 Nd7 25. Rc2 Rac8 {1-0 Adamowski,J (2110)-Piotrowski,G POL-ch U16 Krynica 1998}) ({RR} 11. b5 e4 12. Ng5 d5 13. bxc6 bxc6 14. cxd5 cxd5 15. dxe4 h6 16. Nxf7 Kxf7 17. Nxd5 Nxe4 18. Bxe4 Rxe4 19. Nc7 Ra7 20. Qd5+ Kf8 21. Qxe4 Qxc7 22. Bf4 Qd8 23. Qxg6 Qf6 24. Qc2 Bb7 25. Rxb7 Rxb7 {1-0 Bolda,D-Haley,W Plymouth ch-MI op 1984}) 11... h6 12. Bd2 axb4 13. axb4 d5 14. Qc1 dxc4 15. dxc4 Kh7 16. e4 Nb6 17. Rd1 Qc7 18. c5 Nbd7 19. Be3 Ng4 20. h3 Nxe3 21. Qxe3 Nf8 22. Ra1 Be6 23. Rxa8 Rxa8 24. Bf1 Nd7 25. Nd2 b5 26. Qd3 Bf8 27. Qf3 Qa7 28. Nd5 Nxc5 29. Nf6+ Kg7 30. bxc5 Bxc5 31. Ng4 Bxg4 32. hxg4 Rd8 33. Be2 Rd6 34. Nb3 Rf6 35. Qc3 Bxf2+ 36. Kg2 Bg1 37. Rxg1 Qf2+ 38. Kh1 Qxe2 39. Qxe5 Qf3+ 40. Kh2 Qxb3 41. Rf1 Qe6 42. Qb2 c5 43. Qxb5 Rxf1 44. Qxf1 Qxe4 45. Qd1 Qd4 46. Qc2 c4 47. Kg2 c3 48. Kf3 Qd2 0-1

[Event "Olympiad Women 2024"]
[Site "Budapest HUN"]
[Date "2024.09.19"]
[Round "8.36"]
[Board "4"]
[White "Mimic, Sofija"]
[Black "Anoud Eisa Bashkardi"]
[Result "1-0"]
[WhiteElo "1809"]
[BlackElo "1811"]
[PlyCount "65"]
[EventDate "2024.09.11"]
[WhiteTeam "Bosnia & Herzegovina"]
[BlackTeam "United Arab Emirates"]
[WhiteTeamCountry "BIH"]
[BlackTeamCountry "UAE"]

1. e4 {Wedberg,Tom} e5 2. Nf3 Nc6 3. Bb5 Nf6 4. d3 d6 5. c3 g6 6. O-O Bg7 7. Nbd2 O-O ({RR} 7... a6 8. Ba4 b5 9. Bc2 O-O 10. a4 Bb7 11. Re1 h6 12. Nf1 d5 13. Bd2 Re8 14. Ng3 d4 15. Qc1 Kh7 16. Bb3 Qe7 17. Qc2 Rac8 18. axb5 axb5 19. Rec1 Bf8 20. Qd1 Ra8 21. Ne2 Qd7 22. cxd4 {1-0 Besou,H (2230)-Novkovic,J (2103) Bodensee Open 2024 (2.9)}) 8. d4 ({RR} 8. Re1 a6 9. Bxc6 bxc6 10. d4 Nd7 11. dxe5 Nxe5 12. h3 {1-0 Kamsky,G (2729)-Ivanchuk,V (2786) Wch Blitz 3th 2008 (7)}) 8... exd4 ({RR} 8... Bd7 9. Ba4 Qe8 10. Bc2 h6 11. Re1 Nh7 12. Nb3 Rd8 13. Be3 b6 14. Qc1 g5 15. Nfd2 f6 16. Nf1 Qg6 17. Qd1 f5) 9. cxd4 Bg4 $146 ({RR} 9... Bd7 10. Re1 Re8 11. h3 a5 12. a3 Re7 13. Bd3 Nh5 14. d5 Nb8 ({RR} 14... Ne5 15. Nxe5 Bxe5 16. Nf3 Bg7 17. Bg5) 15. Nf1 Nf6 16. Ng3 Na6 17. Bxa6 ({RR} 17. Be3 Nc5 18. Bxc5 dxc5 19. e5 Nxd5 20. Bxg6 hxg6 21. Qxd5 b6) ({RR} 17. Bc2 Nc5 18. Bd2 Qe8 ({RR} 18... a4 19. Bc3) 19. Bc3 Ncxe4 20. Nxe4 Nxe4 21. Bxg7 Kxg7 22. Bxe4 Rxe4 23. Qb3) 17... Rxa6 18. Bf4 h6 19. Rc1 a4 20. Rc4 Kh7 21. Qd2 Be8 22. Be3 c6 23. dxc6 Bxc6 24. Bd4 {0-1 Christiansen,L (2559)-Goldin,A (2609) Tan Chin Nam Cup 8th 2002 (8)}) 10. Qc2 d5 11. e5 Bf5 12. Qa4 Ne4 13. Bxc6 bxc6 14. Qxc6 f6 15. exf6 Rxf6 16. Qa4 Qd6 17. Nxe4 Bxe4 18. Ne5 Rf5 19. Qc6 Raf8 20. Qxd6 cxd6 21. Ng4 Kh8 22. f3 h5 23. Ne3 Bxd4 24. Kh1 Bc5 25. Nxf5 Rxf5 26. Bd2 Bd3 27. Rfe1 d4 28. Re8+ Kg7 29. Rae1 Bc4 30. b4 Bb6 31. a4 a5 32. R1e7+ Bf7 33. Rb8 1-0

[Event "Olympiad Women 2024"]
[Site "Budapest HUN"]
[Date "2024.09.19"]
[Round "8.37"]
[Board "1"]
[White "Dornbusch, Tatiana"]
[Black "Castillo Beitia, Ashley Alexandra"]
[Result "1-0"]
[WhiteElo "2212"]
[BlackElo "2071"]
[PlyCount "43"]
[EventDate "2024.09.11"]
[WhiteTeam "Monaco"]
[BlackTeam "Panama"]
[WhiteTeamCountry "MNC"]
[BlackTeamCountry "PAN"]

1. d4 d5 2. c4 c6 3. Nc3 Nf6 4. e3 Nbd7 5. Nf3 e6 6. b3 Bd6 7. Be2 O-O 8. O-O b6 9. Bb2 Qe7 10. Qc2 Bb7 11. e4 ({RR} 11. Rfe1 Rfe8 12. Rad1 Rad8 13. Bf1 Bb4 14. a3 Bxa3 15. Bxa3 Qxa3 16. cxd5 exd5 17. Ra1 Qd6 18. Rxa7 Qb8 19. Rea1 c5 20. b4 cxd4 21. Nxd4 Rc8 22. Qb3 Ne5 23. h3 g6 24. Be2 Re7 25. R7a2 Nc4 {½-½ Carlsen,M (2776)-Aronian,L (2750) Corus Wijk aan Zee 2009 (4)}) 11... dxe4 12. Nxe4 Bc7 ({RR} 12... Ba3 13. Bc3 c5 14. Nxf6+ Nxf6 15. dxc5 Bxc5 16. Ng5 g6 17. Rad1 Rfd8 18. Qb2 Ne8 19. Bf3 Bxf3 20. Nxf3 Rxd1 21. Rxd1 Rd8 22. Rxd8 Qxd8 23. g3 f6 24. Qe2 Kf7 25. b4 Be7 26. Nd4 Qd7 27. Nc2 {1-0 Hejazipour,M (2376)-Peyrat,O (2202) TCh-FRA Top 16 GpA 2024 (1.14)}) 13. Rfe1 $146 ({RR} 13. Rad1 Rfd8 14. Rfe1 c5 15. Bd3 Nxe4 16. Bxe4 Bxe4 17. Qxe4 Qf6 18. dxc5 Qxb2 19. Rxd7 Rac8 20. Rxf7 Kxf7 21. Qxe6+ Kf8 22. Ng5 {1-0 Drakoulakos,G (2213)-Bonam,S (1943) Kasparov CF University Cup rapid 2022 (7.111)}) 13... Rac8 14. Ne5 Nxe4 15. Qxe4 Nf6 16. Qh4 Qb4 17. Bd3 h6 18. Re3 Bd8 19. Rg3 Kh8 20. Rd1 Qe7 21. d5 cxd5 22. Ng4 1-0

[Event "Olympiad Women 2024"]
[Site "Budapest HUN"]
[Date "2024.09.19"]
[Round "8.37"]
[Board "2"]
[White "Vasquez Jaen, Lourdes Lorena"]
[Black "Zvereva, Marija"]
[Result "1-0"]
[WhiteElo "1821"]
[BlackElo "2035"]
[PlyCount "53"]
[EventDate "2024.09.11"]
[WhiteTeam "Panama"]
[BlackTeam "Monaco"]
[WhiteTeamCountry "PAN"]
[BlackTeamCountry "MNC"]

1. e4 c5 2. Nf3 Nc6 3. d4 cxd4 4. Nxd4 e5 5. Nb5 d6 6. N1c3 a6 7. Na3 Be6 8. Nd5 Bxd5 9. exd5 Nce7 10. c4 g6 11. Qa4+ ({RR} 11. Be2 Bg7 12. O-O Nf6 13. b4 a5 14. Bd2 axb4 15. Bxb4 b6 16. Nb5 Nc8 17. a4 O-O 18. Qb3 Ne4 19. Qa3 Nc5 20. a5 e4 21. Ra2 f5 22. Rb1 f4 23. Bg4 Qe7 24. Bxc5 bxc5 25. Bxc8 Raxc8 {1-0 Shandrygin,N (2209)-Pinheiro,I (2273) Titled Tue 14th May Late 2024 (11)}) 11... Qd7 12. Nb5 $146 ({RR} 12. Qxd7+ Kxd7 {½-½ Biro,G (2210)-Gal,K (2195) HUN-chT2 9798 1997}) 12... O-O-O 13. Be3 Nf6 14. Bb6 Bh6 15. Be2 Nf5 16. Na7+ Kb8 17. Nc6+ Kc8 18. b4 Nd4 19. b5 Rde8 20. Rb1 Qf5 21. Rb2 Ne4 22. Bxd4 exd4 23. O-O Nc3 24. Qb4 Nxe2+ 25. Kh1 Bc1 26. bxa6 bxc6 27. Qb8+ 1-0

[Event "Olympiad Women 2024"]
[Site "Budapest HUN"]
[Date "2024.09.19"]
[Round "8.37"]
[Board "3"]
[White "Berezovsky, Fiorina"]
[Black "Caicedo Rios, Layla Yasmira"]
[Result "1/2-1/2"]
[WhiteElo "1976"]
[BlackElo "1803"]
[PlyCount "82"]
[EventDate "2024.09.11"]
[WhiteTeam "Monaco"]
[BlackTeam "Panama"]
[WhiteTeamCountry "MNC"]
[BlackTeamCountry "PAN"]

1. d4 Nf6 2. c4 e6 3. Nc3 Bb4 4. Qc2 O-O 5. e4 c5 6. Nf3 ({RR} 6. d5 Bxc3+ 7. bxc3 exd5 8. exd5 Re8+ 9. Be2 d6 10. h3 Ne4 11. Nf3 Bf5 12. Qb2 Qf6 13. Bd2 Nd7 14. O-O Nb6 15. a4 Ng3 16. fxg3 Rxe2 17. Nh4 g6 18. Nxf5 gxf5 19. Rf4 Qg5 20. Kh2 Kh8 {1-0 Shishkin,V (2507)-Eggink,R (2316) Lazy op 11th 2015 (8)}) ({RR} 6. d5 Bxc3+ 7. bxc3 e5 8. Bd3 d6 9. Ne2 Nbd7 10. Ng3 Re8 11. Qe2 Nf8 12. h4 Ng6 13. Bg5 Nf4 14. Qd2 Nxd3+ 15. Qxd3 h6 16. Nf5 Bxf5 17. exf5 e4 18. Qe3 Nxd5 19. cxd5 hxg5 20. hxg5 Kf8 {1-0 Sefton,A (1529)-Gibbs,D (1863) Cambridge Int Open 2023 (3.41)}) 6... cxd4 7. Nxd4 d5 8. a3 $146 ({RR} 8. Bg5 h6 9. Bxf6 Qxf6 10. Rd1 Nc6 11. Nxc6 bxc6 12. cxd5 exd5 13. Bd3 dxe4 14. Bxe4 Ba6 15. Bd3 Bxc3+ 16. bxc3 Rfe8+ 17. Kf1 Bxd3+ 18. Rxd3 Re5 19. Qd1 Qe6 20. Rd8+ Rxd8 21. Qxd8+ Kh7 22. Qd2 Qc4+ {0-1 Gomez,V-Sunye Neto,J (2475) Latin Cup Bogota 1991 (1)}) ({RR} 8. e5 Ne4 9. Bd2 Nxf2 10. Kxf2 Qh4+ 11. Ke3 Bc5 12. Nce2 Nc6 13. Bc3 f6 14. b4 Qg5+ 15. Kf2 fxe5+ 16. Ke1 Bxd4 17. Nxd4 exd4 18. Bd2 Qe5+ 19. Be2 d3 {0-1 Galicek,S-Strejc,J Czech Fed-ch U16 1997 (2)}) ({RR} 8. e5 Nfd7 9. Nf3 Nc6 10. Ng5 g6 11. h4 Ndxe5 12. Nxh7 Kxh7 13. h5 Rh8 14. f4 Ng4 15. Bd3 f5 16. Bd2 d4 17. Ne2 Bxd2+ 18. Qxd2 Kg7 19. Ng3 Qa5 20. Qxa5 Nxa5 21. Ke2 Bd7 22. Rh4 gxh5 {0-1 Cambi,R-Ferretti,F (2270) ITA Carnevale op 1998}) 8... Bxc3+ 9. bxc3 Nxe4 10. Bd3 Nf6 11. Bf4 h6 12. O-O Nc6 13. c5 a6 14. Rab1 Re8 15. Rfe1 Qa5 16. Bd6 Bd7 17. Qc1 Nxd4 18. cxd4 Bb5 19. Bc2 Ne4 20. Bxe4 dxe4 21. Qe3 Qd8 22. Qxe4 Bc6 23. Qg4 Qg5 24. Qh3 Qg6 25. Rb3 Qf5 26. Qg3 Qg5 27. f4 Qxg3 28. hxg3 Bd5 29. Rbe3 Bc6 30. g4 Bd5 31. g5 g6 32. Rh3 h5 33. g4 hxg4 34. Rh6 Kg7 35. Kf2 f6 36. Kg3 Rh8 37. Rxh8 Rxh8 38. gxf6+ Kf7 39. Kxg4 Rh1 40. Rxh1 Bxh1 41. Be5 Be4 1/2-1/2

[Event "Olympiad Women 2024"]
[Site "Budapest HUN"]
[Date "2024.09.19"]
[Round "8.37"]
[Board "4"]
[White "Carrillo Marval, Maria Angelica"]
[Black "Berezovska, Svetlana"]
[Result "1/2-1/2"]
[WhiteElo "1795"]
[BlackElo "1869"]
[PlyCount "60"]
[EventDate "2024.09.11"]
[WhiteTeam "Panama"]
[BlackTeam "Monaco"]
[WhiteTeamCountry "PAN"]
[BlackTeamCountry "MNC"]

1. e4 c5 2. Nf3 Nc6 3. d4 cxd4 4. Nxd4 Nf6 5. Nc3 e6 6. Nxc6 dxc6 7. Qxd8+ Kxd8 8. Bg5 Ke8 ({RR} 8... Bd6 9. O-O-O Kc7 10. f4 e5 11. Bc4 h6 12. Bxf6 gxf6 13. f5 Rh7 14. Rd3 a6 15. Rhd1 Be7 16. a4 Rb8 17. a5 Bb4 18. Na4 Bxa5 19. Nc5 Bb4 20. Nd7 Bxd7 21. Rxd7+ Kb6 22. Bxf7 Rg7 23. g3 {½-½ Engel,L (2553)-Timofeev,A (2594) EU-Cup Online Final rapid 2021 (1.3)}) ({RR} 8... e5 9. Bc4 Be6 10. Bxe6 fxe6 11. f3 Kc7 12. Ke2 a5 13. a4 Bc5 14. Nb1 h6 15. Bd2 Rhf8 16. Rf1 Rf7 17. Na3 b6 18. Nc4 Nd7 19. Be1 Bb4 20. Bg3 b5 21. Nxe5 Nxe5 22. Bxe5+ Bd6 23. Bxd6+ {½-½ Royal,S (2463)-Bogdanov,E (2413) Chess Week Przeworsk GM 2024 (2.3)}) 9. Be2 $146 ({RR} 9. O-O-O Bb4 10. e5 Bxc3 11. bxc3 Nd7 12. Bc4 h6 13. Bh4 b5 14. Be2 Bb7 15. f4 Nb6 16. Rd4 Nd5 17. Rhd1 Kd7 18. c4 bxc4 19. Bxc4 Kc7 20. Be7 Ne3 21. Rd7+ Kb6 22. R1d4 Bc8 23. Bd8+ Kc5 {1-0 Howell,C-Karpinski,L NY State CA Midsummer-13 Masters 1901 (6)}) ({RR} 9. O-O-O Nd7 10. h4 f6 11. Be3 e5 12. g4 Nc5 13. g5 Bg4 14. Re1 b5 15. Rg1 Be6 16. f4 a5 17. Kb1 b4 18. Nd1 a4 19. Nf2 Nd7 20. Bh3 Bxh3 21. Nxh3 Be7 22. Rd1 Rf8 23. f5 g6 {1-0 Hebden,M (2455)-Mercier,J (2225) Royan op 1989 (3)}) ({RR} 9. O-O-O h6 10. Bh4 Bb4 11. f3 Bd7 12. a3 Bxc3 13. bxc3 Nh5 14. Bc4 b5 15. Bb3 Rb8 16. Rd2 Rb7 17. Rhd1 Nf4 18. c4 a6 19. cxb5 axb5 20. a4 g5 21. Bf2 bxa4 22. Bxa4 Rh7 23. Rxd7 Rxd7 {½-½ Wajih,N (2285)-Dilip,D (2102) Commonwealth-ch 2007 (4)}) 9... Bb4 10. Bd2 e5 11. f3 Be6 12. O-O-O Rd8 13. a3 Bd6 14. Be3 b6 15. Rd2 Ke7 16. Rhd1 h6 17. g3 Bc7 18. Nb1 Rxd2 19. Nxd2 Rd8 20. Nc4 Rxd1+ 21. Kxd1 Ne8 22. Bf2 f5 23. exf5 Bxf5 24. Ne3 Bg6 25. Kd2 Nf6 26. Ng2 Bf5 27. Ne3 Bg6 28. Ng2 Bf5 29. Ne3 Bg6 30. Ng2 Bf5 1/2-1/2

[Event "Olympiad Women 2024"]
[Site "Budapest HUN"]
[Date "2024.09.19"]
[Round "8.38"]
[Board "1"]
[White "Miladi, Amen"]
[Black "Sulyok, Eszter"]
[Result "0-1"]
[WhiteElo "1851"]
[BlackElo "2080"]
[PlyCount "90"]
[EventDate "2024.09.11"]
[WhiteTeam "Tunisia"]
[BlackTeam "Hungary C"]
[WhiteTeamCountry "TUN"]

1. e4 c5 2. Nf3 e6 3. d4 cxd4 4. Nxd4 a6 5. Bd3 Bc5 6. Nb3 Ba7 7. O-O Ne7 8. c4 d6 9. Bf4 ({RR} 9. Nc3 O-O 10. Qe2 e5 11. Be3 Nbc6 12. Bxa7 Rxa7 13. Rfd1 Be6 14. Rac1 Qb8 15. Qe3 Rd8 16. Nd5 a5 17. Na1 Ng6 18. Nc2 a4 19. Bf1 Ra5 20. b4 axb3 21. axb3 h6 22. b4 Ra2 23. b5 Nce7 {½-½ Caruana,F (2805)-Kamsky,G (2613) Titled Tue 11th Jun Late 2024 (10)}) 9... Nbc6 10. Bc2 $146 ({RR} 10. Be2 e5 11. Bg5 Be6 12. Nc3 O-O 13. Qd2 f6 14. Be3 Bxe3 15. Qxe3 f5 16. Rad1 fxe4 17. Nxe4 Nf5 18. Qc3 Qe7 19. Bg4 Nfd4 20. Bxe6+ Qxe6 21. Nxd4 Nxd4 22. Qd3 Qg6 23. Ng3 Qxd3 {½-½ Cascudo Pueyo,I (2123)-Vigil Alvarez,L (2291) Oviedo op 3rd 2008 (8)}) ({RR} 10. Be2 e5 11. Bg5 O-O 12. Nc3 Be6 13. Kh1 Rc8 14. Nd5 f6 15. Be3 Bxe3 16. Nxe3 Kh8 17. Rc1 f5 18. exf5 Nxf5 19. Nxf5 Bxf5 20. Bg4 Qe7 21. Bxf5 Rxf5 22. c5 Rd8 23. Qc2 Rff8 24. cxd6 Rxd6 {½-½ Bui,K (2200)-Pham,L (2285) VIE-ch (Women) 2006 (8)}) 10... Nb4 11. Nc3 Nxc2 12. Qxc2 Qc7 13. Rad1 e5 14. Bc1 Bg4 15. Rd3 Be6 16. Nd2 O-O 17. b3 b5 18. cxb5 axb5 19. Qd1 Qc6 20. Qh5 Ng6 21. Nf3 f6 22. Nh4 Nxh4 23. Qxh4 Rf7 24. Kh1 b4 25. Ne2 Bc5 26. Ng3 Rxa2 27. f4 exf4 28. Bxf4 Qa6 29. Rdf3 Ra1 30. Bc1 Bd4 31. Bd2 Be5 32. Rxa1 Qxa1+ 33. Nf1 Bc3 34. Bf4 g5 35. Qh5 g4 36. Rf2 Bd4 37. Qb5 Bxf2 38. Bh6 Rf8 39. Bxf8 Kxf8 40. Qd3 Qd4 41. Qc2 Qc5 42. Qd2 Kg7 43. Qe2 h5 44. Qa2 Bd4 45. h3 Qc1 0-1

[Event "Olympiad Women 2024"]
[Site "Budapest HUN"]
[Date "2024.09.19"]
[Round "8.38"]
[Board "2"]
[White "Toth, Lili"]
[Black "Mefteh, Meyssem"]
[Result "1-0"]
[WhiteElo "2105"]
[BlackElo "1834"]
[PlyCount "135"]
[EventDate "2024.09.11"]
[WhiteTeam "Hungary C"]
[BlackTeam "Tunisia"]
[BlackTeamCountry "TUN"]

1. e4 c5 2. Nf3 Nc6 3. d4 cxd4 4. Nxd4 e6 5. Nc3 Qc7 6. Be3 a6 7. a3 Nf6 8. f4 Nxd4 9. Bxd4 Qxf4 10. g3 Qc7 11. e5 Ng8 ({RR} 11... Nd5 12. Nxd5 exd5 13. Bg2 d6 14. exd6 Bxd6 15. Bxg7 Bxg3+ 16. Kf1 Rg8 17. Bf6 Qf4+ 18. Qf3 Qxf3+ 19. Bxf3 Bh3+ 20. Ke2 Bf4 21. Bxd5 Rg6 22. Rhg1 Rc8 23. Rxg6 fxg6 24. c3 Bg4+ 25. Kf2 Rc7 26. Re1+ {½-½ Boeren,J (2159)-Duchene,R (2048) 26th HZ Open 2024 (7.24)}) 12. Bg2 Ne7 13. O-O Ng6 $146 ({RR} 13... Nc6 14. Be3 b5 15. Ne4 Qxe5 16. Qf3 f5 17. Nf2 Bc5 18. Bf4 Qf6 19. g4 O-O 20. gxf5 Qxf5 21. Qc3 Bd4 {0-1 Fule,S (2218)-Arat,U (2381) Titled Tue 22nd Aug Early 2023 (9)}) 14. Ne4 Be7 15. h4 h5 16. Nd6+ Bxd6 17. exd6 Qxd6 18. Bxg7 Qxd1 19. Raxd1 Rg8 20. Bf6 Ne7 21. Rf3 b5 22. Rc3 d5 23. Re1 Rb8 24. Bxe7 Kxe7 25. Bxd5 Bd7 26. Kf2 Rbc8 27. Rxc8 Rxc8 28. c3 Rc5 29. Bf3 Rf5 30. Ke3 Kf6 31. Rd1 Ke7 32. Be4 Rf6 33. b4 e5 34. Rd5 Bc6 35. Rxe5+ Kd6 36. Rc5 Bxe4 37. Kxe4 Rh6 38. Kf4 Ke7 39. Rc7+ Kf8 40. Rc8+ Kg7 41. Rc5 Rf6+ 42. Kg5 Rh6 43. Rf5 Rc6 44. Rf3 Re6 45. Kxh5 Re1 46. Kg5 Rg1 47. g4 Re1 48. Kf5 Rh1 49. h5 Rh2 50. Kg5 Rd2 51. h6+ Kg8 52. Rf6 Rd3 53. Rxa6 Rxc3 54. Ra8+ Kh7 55. Ra7 Rf3 56. Rb7 Rxa3 57. Rxf7+ Kg8 58. Rb7 Ra6 59. Rxb5 Kh7 60. Rb7+ Kg8 61. b5 Rd6 62. b6 Rc6 63. Kh5 Rc5+ 64. g5 Rc6 65. g6 Rc5+ 66. Kg4 Rc8 67. Rc7 Rd8 68. b7 1-0